[Event "Natal CBX Circuit 4th"]
[Site "Natal"]
[Date "2016.01.28"]
[Round "3"]
[White "Jatoba de Oliveira Reis, Paulo Fernando"]
[Black "Barbosa, Evandro Amorim"]
[Result "1/2-1/2"]
[WhiteElo "2380"]
[BlackElo "2461"]
[PlyCount "48"]
[EventDate "2016.01.27"]
[EventType "tourn"]
[EventRounds "9"]
[EventCountry "BRA"]
[EventCategory "7"]
[SourceTitle "CBM 170 Extra"]
[Source "ChessBase"]
[SourceDate "2016.02.25"]
[SourceVersion "1"]
[SourceVersionDate "2016.02.25"]
[SourceQuality "1"]

1. c4 c5 2. g3 Nc6 3. Bg2 g6 4. Nc3 Bg7 5. Nf3 d6 6. O-O Qd7 7. b3 b6 8. Bb2
Bb7 9. e3 e6 10. d4 cxd4 11. exd4 Nge7 12. Rb1 O-O 13. d5 exd5 14. Nxd5 Nxd5
15. Bxg7 Ne3 16. fxe3 Kxg7 17. Qd2 Qe7 18. Rfd1 Rad8 19. Nd4 Ne5 20. Bxb7 Qxb7
21. Qg2 Qxg2+ 22. Kxg2 Ng4 23. Nc2 Rfe8 24. Rd3 Re5 1/2-1/2

[Event "Natal CBX Circuit 4th"]
[Site "Natal"]
[Date "2016.01.29"]
[Round "4"]
[White "Barbosa, Evandro Amorim"]
[Black "Fernando, Diogo"]
[Result "1-0"]
[WhiteElo "2461"]
[BlackElo "2475"]
[PlyCount "47"]
[EventDate "2016.01.27"]
[EventType "tourn"]
[EventRounds "9"]
[EventCountry "BRA"]
[EventCategory "7"]
[SourceTitle "CBM 170 Extra"]
[Source "ChessBase"]
[SourceDate "2016.02.25"]
[SourceVersion "1"]
[SourceVersionDate "2016.02.25"]
[SourceQuality "1"]

1. e4 c5 2. Nf3 d6 3. d4 cxd4 4. Nxd4 Nc6 5. Nc3 e5 6. Nf3 Be7 7. Bc4 Be6 8.
Bb3 a6 9. O-O Rc8 10. Qe2 Nf6 11. Rd1 O-O 12. Bg5 Bg4 13. Qe3 Nd7 14. Bxe7 Qxe7
15. Nd5 Qd8 16. Rd2 Kh8 17. c3 f5 18. exf5 Rxf5 19. Bc2 Rh5 20. h3 Bxf3 21.
Qxf3 Rh6 22. Rad1 Qg5 23. Qg3 Qd8 24. Ne3 1-0

[Event "Natal CBX Circuit 4th"]
[Site "Natal"]
[Date "2016.02.02"]
[Round "6"]
[White "Barbosa, Evandro Amorim"]
[Black "Brito, Luismar Jorge"]
[Result "1-0"]
[WhiteElo "2461"]
[BlackElo "2235"]
[PlyCount "73"]
[EventDate "2016.01.27"]
[EventType "tourn"]
[EventRounds "9"]
[EventCountry "BRA"]
[EventCategory "7"]
[SourceTitle "CBM 170 Extra"]
[Source "ChessBase"]
[SourceDate "2016.02.25"]
[SourceVersion "1"]
[SourceVersionDate "2016.02.25"]
[SourceQuality "1"]

1. e4 c5 2. Nf3 d6 3. d4 cxd4 4. Nxd4 Nf6 5. Nc3 a6 6. a4 Nc6 7. a5 e5 8. Nb3
Be6 9. Be3 Be7 10. Nd5 O-O 11. f3 Rc8 12. Nb6 Rc7 13. c4 Ne8 14. Be2 Bh4+ 15.
g3 Bg5 16. Bf2 f5 17. h4 Be7 18. Nd5 Rc8 19. exf5 Rxf5 20. Qd2 Rf7 21. Rd1 Bf8
22. O-O Nf6 23. Nb6 Rb8 24. Rfe1 Nd7 25. Nd5 Nc5 26. Nc1 Nxa5 27. b4 Nab3 28.
Nxb3 Nxb3 29. Qc3 Nd4 30. Bxd4 exd4 31. Qxd4 g6 32. Nf4 Rxf4 33. Qxf4 Qb6+ 34.
c5 Qc6 35. Bc4 Bxc4 36. Qxc4+ Kh8 37. Qf7 1-0

[Event "Natal CBX Circuit 4th"]
[Site "Natal"]
[Date "2016.02.02"]
[Round "7"]
[White "Martins, Vinicius Tine"]
[Black "Barbosa, Evandro Amorim"]
[Result "0-1"]
[WhiteElo "2316"]
[BlackElo "2461"]
[PlyCount "110"]
[EventDate "2016.01.27"]
[EventType "tourn"]
[EventRounds "9"]
[EventCountry "BRA"]
[EventCategory "7"]
[SourceTitle "CBM 170 Extra"]
[Source "ChessBase"]
[SourceDate "2016.02.25"]
[SourceVersion "1"]
[SourceVersionDate "2016.02.25"]
[SourceQuality "1"]

1. e4 c5 2. Nf3 e6 3. c3 Nf6 4. e5 Nd5 5. d4 cxd4 6. cxd4 d6 7. a3 Nc6 8. Bd3
dxe5 9. dxe5 g6 10. O-O Bg7 11. Qe2 O-O 12. Re1 Qc7 13. Qe4 b6 14. b4 f5 15.
exf6 Nxf6 16. Qh4 Nh5 17. Ra2 Bb7 18. Be4 Rad8 19. Rc2 Qd7 20. Bg5 Rc8 21. Rd2
Qf7 22. Red1 Nb8 23. Bxb7 Qxb7 24. Qg4 Qf7 25. Re2 e5 26. Be3 Rc4 27. Qh3 Qf5
28. Qxf5 gxf5 29. Bg5 e4 30. Nfd2 Rc2 31. g4 h6 32. Be7 Nf4 33. Re3 Re8 34. Bd6
Nd5 35. Rb3 Nc6 36. gxf5 Nd4 37. Rh3 Ne2+ 38. Kf1 Nec3 39. Re1 Rd8 40. Bg3 Nxb1
41. Nxb1 Rb2 42. Bh4 Rf8 43. f6 Bxf6 44. Bg3 Bg5 45. Kg1 Rf3 46. Kg2 Rfb3 47.
Rxe4 Rxb1 48. Rh5 Nf6 49. Rxg5+ hxg5 50. Re7 Nd5 51. Rxa7 Nf4+ 52. Bxf4 gxf4
53. h4 R1b2 54. h5 Rg3+ 55. Kf1 Rf3 0-1

[Event "Natal CBX Circuit 4th"]
[Site "Natal"]
[Date "2016.02.04"]
[Round "9"]
[White "Macedo, Maximo Iack Miranda"]
[Black "Barbosa, Evandro Amorim"]
[Result "1/2-1/2"]
[WhiteElo "2316"]
[BlackElo "2461"]
[PlyCount "20"]
[EventDate "2016.01.27"]
[EventType "tourn"]
[EventRounds "9"]
[EventCountry "BRA"]
[EventCategory "7"]
[SourceTitle "CBM 170 Extra"]
[Source "ChessBase"]
[SourceDate "2016.02.25"]
[SourceVersion "1"]
[SourceVersionDate "2016.02.25"]
[SourceQuality "1"]

1. d4 Nf6 2. c4 g6 3. Nc3 d5 4. cxd5 Nxd5 5. e4 Nxc3 6. bxc3 Bg7 7. Bc4 c5 8.
Ne2 O-O 9. Be3 Nc6 10. O-O Qc7 1/2-1/2

[Event "Natal-ch"]
[Site "Natal"]
[Date "2016.02.06"]
[Round "1"]
[White "Barbosa, Eugenio Seve de Me"]
[Black "Vital, Pablo Manoel Santan"]
[Result "1-0"]
[WhiteElo "2036"]
[BlackElo "1553"]
[PlyCount "63"]
[EventDate "2016.02.06"]
[EventType "swiss"]
[EventRounds "6"]
[EventCountry "BRA"]
[SourceTitle "CBM 171 Extra"]
[Source "ChessBase"]
[SourceDate "2016.04.26"]
[SourceVersion "1"]
[SourceVersionDate "2016.04.26"]
[SourceQuality "1"]

1. d4 d5 2. Nf3 Nf6 3. Bf4 Bf5 4. e3 e6 5. Bd3 Bxd3 6. cxd3 Bd6 7. Ne5 c6 8.
Nc3 Nbd7 9. Nxf7 Kxf7 10. Bxd6 Nf8 11. Bg3 Ng6 12. e4 Qb6 13. Qb3 Qxd4 14.
Qxb7+ Ne7 15. Bd6 Rae8 16. Rd1 Rhf8 17. O-O Nfg8 18. exd5 exd5 19. Rfe1 Kg6 20.
Re2 Rf7 21. Qb4 Qxb4 22. Bxb4 Rb8 23. Bc5 Nf5 24. Rde1 Rbb7 25. Re6+ Rf6 26. b3
Kf7 27. Re8 Nge7 28. Ra8 Nd6 29. Rxa7 Rxa7 30. Bxa7 Nb7 31. Bd4 Rf4 32. Bxg7
1-0

[Event "Natal-ch"]
[Site "Natal"]
[Date "2016.02.06"]
[Round "1"]
[White "Barbosa, Evandro Amorim"]
[Black "De Santana, Jose Ricardo Gonca"]
[Result "1-0"]
[WhiteElo "2482"]
[BlackElo "1815"]
[PlyCount "47"]
[EventDate "2016.02.06"]
[EventType "swiss"]
[EventRounds "6"]
[EventCountry "BRA"]
[SourceTitle "CBM 171 Extra"]
[Source "ChessBase"]
[SourceDate "2016.04.26"]
[SourceVersion "1"]
[SourceVersionDate "2016.04.26"]
[SourceQuality "1"]

1. e4 c5 2. Nf3 Nc6 3. Bb5 d6 4. O-O Nf6 5. Re1 g6 6. Bxc6+ bxc6 7. e5 dxe5 8.
Nxe5 Qc7 9. Qf3 Bd7 10. Nc3 Bg7 11. Na4 Qd6 12. b3 O-O 13. Ba3 Nd5 14. Bxc5 Qc7
15. d4 Be6 16. c4 Nb6 17. Nxc6 Nxa4 18. bxa4 Bf6 19. Rab1 Kh8 20. d5 Bf5 21.
Bxe7 Bxe7 22. Rxe7 Qxe7 23. Nxe7 Bxb1 24. Qf6# 1-0

[Event "Natal-ch"]
[Site "Natal"]
[Date "2016.02.06"]
[Round "2"]
[White "Alonso, Salvador"]
[Black "Barbosa, Eugenio Seve de Me"]
[Result "1-0"]
[WhiteElo "2499"]
[BlackElo "2036"]
[PlyCount "39"]
[EventDate "2016.02.06"]
[EventType "swiss"]
[EventRounds "6"]
[EventCountry "BRA"]
[SourceTitle "CBM 171 Extra"]
[Source "ChessBase"]
[SourceDate "2016.04.26"]
[SourceVersion "1"]
[SourceVersionDate "2016.04.26"]
[SourceQuality "1"]

1. e4 e6 2. d4 d5 3. Nd2 Nf6 4. e5 Nfd7 5. Bd3 c5 6. c3 Nc6 7. Ngf3 Qb6 8. O-O
cxd4 9. cxd4 f6 10. exf6 Nxf6 11. Nb1 Bd6 12. Nc3 Bd7 13. Re1 O-O 14. b3 a6 15.
Bb2 Rae8 16. Na4 Qa7 17. Ne5 Bxe5 18. dxe5 b5 19. exf6 bxa4 20. Qh5 1-0

[Event "Natal-ch"]
[Site "Natal"]
[Date "2016.02.06"]
[Round "2"]
[White "De Lima, Alan Silva"]
[Black "Barbosa, Evandro Amorim"]
[Result "0-1"]
[WhiteElo "1996"]
[BlackElo "2482"]
[PlyCount "78"]
[EventDate "2016.02.06"]
[EventType "swiss"]
[EventRounds "6"]
[EventCountry "BRA"]
[SourceTitle "CBM 171 Extra"]
[Source "ChessBase"]
[SourceDate "2016.04.26"]
[SourceVersion "1"]
[SourceVersionDate "2016.04.26"]
[SourceQuality "1"]

1. c4 c5 2. Nf3 Nc6 3. Nc3 e5 4. d3 g6 5. g3 Bg7 6. Bg2 d6 7. O-O Nge7 8. e4
O-O 9. Nd2 f5 10. f3 f4 11. g4 h5 12. g5 h4 13. Qe1 h3 14. Bh1 Nb4 15. Qd1 Nxd3
16. Nb3 Nxc1 17. Rxc1 Be6 18. Nb5 Nc8 19. Kf2 a6 20. Na3 Qxg5 21. Rg1 Qf6 22.
Qd3 Rd8 23. Nd2 Ne7 24. b3 Rab8 25. Rc2 Nc6 26. Ndb1 Nb4 27. Qd2 Nxc2 28. Qxc2
b5 29. cxb5 axb5 30. Nd2 Kh7 31. Nf1 b4 32. Nc4 d5 33. Nb2 dxe4 34. fxe4 Qh4+
35. Ke2 Bg4+ 36. Bf3 Bxf3+ 37. Kxf3 Qh5+ 38. Kf2 Bf6 39. Qe2 Bh4+ 0-1

[Event "Natal-ch"]
[Site "Natal"]
[Date "2016.02.07"]
[Round "3"]
[White "Barbosa, Eugenio Seve de Me"]
[Black "De Santana, Jose Ricardo Gonca"]
[Result "1-0"]
[WhiteElo "2036"]
[BlackElo "1815"]
[PlyCount "58"]
[EventDate "2016.02.06"]
[EventType "swiss"]
[EventRounds "6"]
[EventCountry "BRA"]
[SourceTitle "CBM 171 Extra"]
[Source "ChessBase"]
[SourceDate "2016.04.26"]
[SourceVersion "1"]
[SourceVersionDate "2016.04.26"]
[SourceQuality "1"]

1. d4 Nf6 2. Nf3 g6 3. Bf4 d6 4. h3 Nbd7 5. e3 Bg7 6. Be2 O-O 7. O-O c5 8. c3
a6 9. Nbd2 b5 10. a4 b4 11. cxb4 cxb4 12. a5 Nd5 13. Bh2 Rb8 14. Qb3 Bb7 15.
Rfc1 Nc7 16. Bc4 e5 17. Ra4 Bxf3 18. Nxf3 Nb5 19. Rxb4 Qxa5 20. Bxb5 axb5 21.
Bg3 Nf6 22. dxe5 dxe5 23. Bxe5 Rbc8 24. Rxc8 Rxc8 25. Rxb5 Qa1+ 26. Kh2 Nd7 27.
Bxg7 Kxg7 28. Rb7 Qa6 29. Rxd7 Qf6 1-0

[Event "Natal-ch"]
[Site "Natal"]
[Date "2016.02.07"]
[Round "3"]
[White "Barbosa, Evandro Amorim"]
[Black "Araujo, Jose Roberto"]
[Result "1-0"]
[WhiteElo "2482"]
[BlackElo "2136"]
[PlyCount "109"]
[EventDate "2016.02.06"]
[EventType "swiss"]
[EventRounds "6"]
[EventCountry "BRA"]
[SourceTitle "CBM 171 Extra"]
[Source "ChessBase"]
[SourceDate "2016.04.26"]
[SourceVersion "1"]
[SourceVersionDate "2016.04.26"]
[SourceQuality "1"]

1. e4 e5 2. Nf3 d6 3. d4 Nf6 4. Nc3 Nbd7 5. Bc4 Be7 6. O-O O-O 7. Re1 c6 8. a4
b6 9. Bg5 Qc7 10. d5 c5 11. Nd2 h6 12. Bh4 a6 13. Bf1 Re8 14. Nc4 Rb8 15. Bg3
Nf8 16. f4 exf4 17. Bxf4 Ng6 18. Bg3 Ng4 19. e5 N4xe5 20. Bxe5 Nxe5 21. Rxe5
dxe5 22. d6 Qd8 23. dxe7 Qxe7 24. Nd5 Qa7 25. Qh5 Be6 26. Qxe5 Bxd5 27. Qxd5
Rbd8 28. Qf3 Qc7 29. Qf2 Re6 30. Nd2 Rf6 31. Nf3 c4 32. c3 b5 33. axb5 axb5 34.
Qe2 Re6 35. Qc2 Qf4 36. Nd4 Rg6 37. Re1 Rf6 38. g3 Qg5 39. Bg2 Qc5 40. h3 g6
41. Kh2 Kg7 42. Re4 Rd5 43. Qe2 Qd6 44. h4 Rdf5 45. Re8 Rh5 46. Re4 Rc5 47. Bf3
Qb6 48. Re7 Rc7 49. Re8 Qc5 50. Re5 Qb6 51. Rxb5 Qa6 52. Qe5 Qd6 53. Qxd6 Rxd6
54. Rb4 Rc5 55. Be2 1-0

[Event "Natal-ch"]
[Site "Natal"]
[Date "2016.02.07"]
[Round "4"]
[White "Brito, Luismar Jorge"]
[Black "Barbosa, Evandro Amorim"]
[Result "0-1"]
[WhiteElo "2224"]
[BlackElo "2482"]
[PlyCount "62"]
[EventDate "2016.02.06"]
[EventType "swiss"]
[EventRounds "6"]
[EventCountry "BRA"]
[SourceTitle "CBM 171 Extra"]
[Source "ChessBase"]
[SourceDate "2016.04.26"]
[SourceVersion "1"]
[SourceVersionDate "2016.04.26"]
[SourceQuality "1"]

1. e4 c5 2. Nf3 e6 3. Nc3 Nc6 4. Be2 d6 5. d4 cxd4 6. Nxd4 Nf6 7. Be3 Be7 8.
O-O O-O 9. f4 Bd7 10. Qe1 Nxd4 11. Bxd4 Bc6 12. Qg3 g6 13. Bf3 b5 14. Qe1 b4
15. Nd1 e5 16. fxe5 dxe5 17. Bxe5 Bc5+ 18. Kh1 Re8 19. Qg3 Nxe4 20. Bxe4 Bxe4
21. Nf2 Bxg2+ 22. Qxg2 Bxf2 23. Rad1 Qc8 24. Rxf2 Rxe5 25. Rdf1 Re7 26. Qd5 Rd7
27. Qe4 a5 28. c4 bxc3 29. bxc3 Ra6 30. Qf3 Rad6 31. Re2 Rd8 0-1

[Event "Natal-ch"]
[Site "Natal"]
[Date "2016.02.07"]
[Round "4"]
[White "Peixoto, Helio Ricardo Souti"]
[Black "Barbosa, Eugenio Seve de Me"]
[Result "1/2-1/2"]
[WhiteElo "1895"]
[BlackElo "2036"]
[PlyCount "43"]
[EventDate "2016.02.06"]
[EventType "swiss"]
[EventRounds "6"]
[EventCountry "BRA"]
[SourceTitle "CBM 171 Extra"]
[Source "ChessBase"]
[SourceDate "2016.04.26"]
[SourceVersion "1"]
[SourceVersionDate "2016.04.26"]
[SourceQuality "1"]

1. e4 e6 2. Qe2 Be7 3. Nf3 d5 4. d3 dxe4 5. dxe4 b6 6. b3 Nf6 7. Bb2 Bb7 8.
Nbd2 Nbd7 9. Rd1 Qc8 10. g3 a5 11. Bg2 O-O 12. O-O Rd8 13. Ne5 Nxe5 14. Bxe5
Nd7 15. Bb2 Bf6 16. e5 Be7 17. Ne4 Nf8 18. Qg4 Bxe4 19. Bxe4 Rb8 20. Rxd8 Qxd8
21. Rd1 Qe8 22. Qf3 1/2-1/2

[Event "Natal-ch"]
[Site "Natal"]
[Date "2016.02.08"]
[Round "5"]
[White "Barbosa, Eugenio Seve de Me"]
[Black "Baeta, Marcio Netto"]
[Result "1/2-1/2"]
[WhiteElo "2036"]
[BlackElo "1962"]
[PlyCount "46"]
[EventDate "2016.02.06"]
[EventType "swiss"]
[EventRounds "6"]
[EventCountry "BRA"]
[SourceTitle "CBM 171 Extra"]
[Source "ChessBase"]
[SourceDate "2016.04.26"]
[SourceVersion "1"]
[SourceVersionDate "2016.04.26"]
[SourceQuality "1"]

1. d4 f5 2. Nf3 Nf6 3. Bf4 d6 4. e3 g6 5. c4 Bg7 6. Nc3 O-O 7. Be2 Nc6 8. O-O
h6 9. h3 Nh5 10. Bh2 e5 11. dxe5 dxe5 12. Qd5+ Kh7 13. Rfd1 Qe7 14. Qb5 a6 15.
Qb3 Nf6 16. Nd5 Nxd5 17. cxd5 Nd8 18. Rac1 c6 19. d6 Qe8 20. Bxe5 Bxe5 21. Nxe5
Qxe5 22. d7 Qe7 23. dxc8=Q Rxc8 1/2-1/2

[Event "Natal-ch"]
[Site "Natal"]
[Date "2016.02.08"]
[Round "5"]
[White "Barbosa, Evandro Amorim"]
[Black "Hungaski, Robert Andrew"]
[Result "1/2-1/2"]
[WhiteElo "2482"]
[BlackElo "2475"]
[PlyCount "33"]
[EventDate "2016.02.06"]
[EventType "swiss"]
[EventRounds "6"]
[EventCountry "BRA"]
[SourceTitle "CBM 171 Extra"]
[Source "ChessBase"]
[SourceDate "2016.04.26"]
[SourceVersion "1"]
[SourceVersionDate "2016.04.26"]
[SourceQuality "1"]

1. e4 e5 2. Nf3 Nf6 3. d4 Nxe4 4. dxe5 d5 5. Nbd2 Nc5 6. Nb3 Ne6 7. Nbd4 Nxd4
8. Nxd4 Be7 9. Bd3 O-O 10. O-O c5 11. Nf3 Nc6 12. Bf4 Be6 13. c3 Qd7 14. Qc2 h6
15. Rad1 Rfd8 16. Rfe1 Rac8 17. Bg3 1/2-1/2

[Event "Natal-ch"]
[Site "Natal"]
[Date "2016.02.08"]
[Round "6"]
[White "Alonso, Salvador"]
[Black "Barbosa, Evandro Amorim"]
[Result "1/2-1/2"]
[WhiteElo "2499"]
[BlackElo "2482"]
[PlyCount "22"]
[EventDate "2016.02.06"]
[EventType "swiss"]
[EventRounds "6"]
[EventCountry "BRA"]
[SourceTitle "CBM 171 Extra"]
[Source "ChessBase"]
[SourceDate "2016.04.26"]
[SourceVersion "1"]
[SourceVersionDate "2016.04.26"]
[SourceQuality "1"]

1. e4 c5 2. Nf3 e6 3. d4 cxd4 4. Nxd4 Nc6 5. Nc3 Qc7 6. Be2 Nf6 7. O-O Be7 8.
Be3 O-O 9. f4 d6 10. Kh1 Nxd4 11. Bxd4 e5 1/2-1/2

[Event "Natal-ch"]
[Site "Natal"]
[Date "2016.02.08"]
[Round "6"]
[White "Moura, Paulo Jorge Alves"]
[Black "Barbosa, Eugenio Seve de Me"]
[Result "0-1"]
[WhiteElo "1925"]
[BlackElo "2036"]
[PlyCount "76"]
[EventDate "2016.02.06"]
[EventType "swiss"]
[EventRounds "6"]
[EventCountry "BRA"]
[SourceTitle "CBM 171 Extra"]
[Source "ChessBase"]
[SourceDate "2016.04.26"]
[SourceVersion "1"]
[SourceVersionDate "2016.04.26"]
[SourceQuality "1"]

1. d4 Nf6 2. c4 g6 3. Nc3 d5 4. Nf3 Bg7 5. e3 O-O 6. Be2 c5 7. O-O Nc6 8. dxc5
dxc4 9. Qxd8 Rxd8 10. Bxc4 Bg4 11. h3 Bf5 12. Ng5 Ne5 13. Be2 Rac8 14. e4 Bd7
15. f4 Nc6 16. e5 Nh5 17. Bxh5 gxh5 18. a3 f6 19. exf6 Bxf6 20. Nge4 Bd4+ 21.
Kh1 Bf5 22. Re1 Rd7 23. Ng3 Bf2 24. Nxf5 Bxe1 25. Be3 Bd2 26. Bf2 Bxf4 27. Ne4
Rcd8 28. g3 Rd1+ 29. Rxd1 Rxd1+ 30. Kg2 Be5 31. b4 Kf7 32. Ne3 Ra1 33. Nc4 a6
34. Ng5+ Kg6 35. h4 Ra2 36. Ne6 Kf5 37. Nxe5 Kxe5 38. Ng5 Rxa3 0-1

[Event "Joao Pessoa Fischer Memorial 7th"]
[Site "Joao Pessoa"]
[Date "2016.03.11"]
[Round "1"]
[White "Barbosa, Eugenio Seve de Me"]
[Black "De Macedo, Luiz Soares"]
[Result "1-0"]
[WhiteElo "2042"]
[BlackElo "1553"]
[PlyCount "52"]
[EventDate "2016.03.11"]
[EventType "swiss"]
[EventRounds "6"]
[EventCountry "BRA"]
[SourceTitle "CBM 171 Extra"]
[Source "ChessBase"]
[SourceDate "2016.04.26"]
[SourceVersion "1"]
[SourceVersionDate "2016.04.26"]
[SourceQuality "1"]

1. d4 d5 2. Nf3 Nc6 3. Bf4 Bf5 4. e3 a6 5. Bd3 Bg4 6. c3 Nf6 7. Nbd2 b5 8. a4
b4 9. c4 a5 10. Rc1 Nb8 11. cxd5 Nxd5 12. Bg3 Ra7 13. Qc2 e6 14. e4 b3 15. Qxb3
Nb4 16. Bb5+ Nd7 17. Ne5 c6 18. Bxc6 Bh5 19. O-O Be7 20. Ndf3 O-O 21. Bxd7 Rxd7
22. Nxd7 Qxd7 23. Rc7 Qd8 24. Rfc1 Qa8 25. Rxe7 Qxe4 26. Ne1 Qc6 1-0

[Event "Joao Pessoa Fischer Memorial 7th"]
[Site "Joao Pessoa"]
[Date "2016.03.11"]
[Round "2"]
[White "Pereira, Silvio Cunha"]
[Black "Barbosa, Eugenio Seve de Me"]
[Result "1-0"]
[WhiteElo "2255"]
[BlackElo "2042"]
[PlyCount "55"]
[EventDate "2016.03.11"]
[EventType "swiss"]
[EventRounds "6"]
[EventCountry "BRA"]
[SourceTitle "CBM 171 Extra"]
[Source "ChessBase"]
[SourceDate "2016.04.26"]
[SourceVersion "1"]
[SourceVersionDate "2016.04.26"]
[SourceQuality "1"]

1. e4 e6 2. d4 d5 3. Nc3 Bb4 4. Nge2 b6 5. a3 Be7 6. Qd3 Ba6 7. Qg3 Nf6 8. e5
Nh5 9. Qf3 g6 10. g4 Ng7 11. Bh6 Rg8 12. Nf4 Bb7 13. O-O-O Nc6 14. Kb1 Qd7 15.
Nh3 O-O-O 16. Ng5 f6 17. exf6 Bxf6 18. Bb5 Bxg5 19. Bxg5 Rdf8 20. Qe3 Qf7 21.
f4 a6 22. Bxc6 Bxc6 23. Rhe1 Bd7 24. h3 Rh8 25. Bh6 Kb7 26. Ne2 Rc8 27. Ng1
Rce8 28. Nf3 1-0

[Event "Joao Pessoa Fischer Memorial 7th"]
[Site "Joao Pessoa"]
[Date "2016.03.12"]
[Round "3"]
[White "Barbosa, Eugenio Seve de Me"]
[Black "Borges, Caique Ferreira"]
[Result "1-0"]
[WhiteElo "2042"]
[BlackElo "1778"]
[PlyCount "89"]
[EventDate "2016.03.11"]
[EventType "swiss"]
[EventRounds "6"]
[EventCountry "BRA"]
[SourceTitle "CBM 171 Extra"]
[Source "ChessBase"]
[SourceDate "2016.04.26"]
[SourceVersion "1"]
[SourceVersionDate "2016.04.26"]
[SourceQuality "1"]

1. d4 Nf6 2. Nf3 g6 3. Bf4 Bg7 4. e3 O-O 5. Be2 d6 6. h3 c5 7. c3 Qb6 8. Qc1
Be6 9. O-O Nbd7 10. Nbd2 Rac8 11. Re1 a5 12. a4 Nd5 13. Bh2 cxd4 14. exd4 Nb4
15. Bb5 Nc6 16. Qb1 Rfe8 17. Qd3 d5 18. Rxe6 fxe6 19. Re1 e5 20. dxe5 e6 21.
Bf4 Qc7 22. Qe3 b6 23. Nb3 Na7 24. Nbd4 Bf8 25. Qe2 Nxb5 26. Nxb5 Qc4 27. Qxc4
Rxc4 28. Nfd4 Rxa4 29. Nc7 Rc8 30. Ncxe6 Ra2 31. Rb1 Nc5 32. Nxf8 Kxf8 33. e6
Re8 34. Bd6+ Kg7 35. e7 Kf7 36. Nf3 Rxe7 37. Bxe7 Kxe7 38. b4 Nd7 39. bxa5 bxa5
40. Rb7 Ra1+ 41. Kh2 Kd6 42. Nd4 a4 43. Ra7 h5 44. Ra6+ Kc5 45. Rc6# 1-0

[Event "Joao Pessoa Fischer Memorial 7th"]
[Site "Joao Pessoa"]
[Date "2016.03.12"]
[Round "4"]
[White "Franca Pessoa, Amilcar Celio"]
[Black "Barbosa, Eugenio Seve de Me"]
[Result "1/2-1/2"]
[WhiteElo "1932"]
[BlackElo "2042"]
[PlyCount "43"]
[EventDate "2016.03.11"]
[EventType "swiss"]
[EventRounds "6"]
[EventCountry "BRA"]
[SourceTitle "CBM 171 Extra"]
[Source "ChessBase"]
[SourceDate "2016.04.26"]
[SourceVersion "1"]
[SourceVersionDate "2016.04.26"]
[SourceQuality "1"]

1. d4 Nf6 2. c4 g6 3. Nc3 d5 4. e3 Bg7 5. Nf3 O-O 6. Be2 c5 7. O-O cxd4 8. Nxd4
dxc4 9. Bxc4 Qc7 10. Be2 a6 11. Bd2 e5 12. Nf3 Rd8 13. e4 Nc6 14. Rc1 h6 15. a3
Be6 16. Qe1 Rac8 17. Bd1 Qe7 18. Na4 Nd7 19. Be3 Nd4 20. Rxc8 Rxc8 21. Qd2
Nxf3+ 22. Bxf3 1/2-1/2

[Event "Joao Pessoa Fischer Memorial 7th"]
[Site "Joao Pessoa"]
[Date "2016.03.13"]
[Round "5"]
[White "Barbosa, Eugenio Seve de Me"]
[Black "Silva, Siderley Junior"]
[Result "1/2-1/2"]
[WhiteElo "2042"]
[BlackElo "1924"]
[PlyCount "45"]
[EventDate "2016.03.11"]
[EventType "swiss"]
[EventRounds "6"]
[EventCountry "BRA"]
[SourceTitle "CBM 171 Extra"]
[Source "ChessBase"]
[SourceDate "2016.04.26"]
[SourceVersion "1"]
[SourceVersionDate "2016.04.26"]
[SourceQuality "1"]

1. d4 Nf6 2. Nf3 g6 3. Bf4 Bg7 4. e3 d6 5. h3 Nbd7 6. Be2 O-O 7. O-O b6 8. c4
Bb7 9. Nc3 Re8 10. Bh2 e5 11. Re1 exd4 12. exd4 Ne4 13. Nxe4 Rxe4 14. Qd2 Qf6
15. Rad1 Rae8 16. b3 R4e7 17. d5 Qc3 18. Kf1 Nc5 19. Bd3 Qxd2 20. Rxd2 Rxe1+
21. Nxe1 Bc3 22. Re2 Rxe2 23. Bxe2 1/2-1/2

[Event "Joao Pessoa Fischer Memorial 7th"]
[Site "Joao Pessoa"]
[Date "2016.03.13"]
[Round "6"]
[White "Dantas, David Luan de Barro"]
[Black "Barbosa, Eugenio Seve de Me"]
[Result "1/2-1/2"]
[WhiteElo "1868"]
[BlackElo "2042"]
[PlyCount "53"]
[EventDate "2016.03.11"]
[EventType "swiss"]
[EventRounds "6"]
[EventCountry "BRA"]
[SourceTitle "CBM 171 Extra"]
[Source "ChessBase"]
[SourceDate "2016.04.26"]
[SourceVersion "1"]
[SourceVersionDate "2016.04.26"]
[SourceQuality "1"]

1. Nf3 Nf6 2. c4 g6 3. g3 Bg7 4. Bg2 O-O 5. d3 d5 6. O-O c6 7. Nbd2 Nbd7 8. Qc2
Re8 9. b3 e5 10. e4 dxe4 11. dxe4 Nc5 12. Rd1 Bg4 13. h3 Bxf3 14. Nxf3 Qc7 15.
Ne1 Ne6 16. c5 Nd4 17. Qc4 Rad8 18. Bb2 Ne6 19. Nc2 h5 20. h4 Nd7 21. b4 b6 22.
cxb6 Nxb6 23. Qb3 c5 24. bxc5 Nxc5 25. Qb5 Nca4 26. Ne3 Nxb2 27. Qxb2 1/2-1/2

[Event "Brasilia Terraviva op"]
[Site "Brasilia"]
[Date "2016.04.21"]
[Round "1"]
[White "Barbosa, Eugenio Seve de Me"]
[Black "Da Silva, Amanda Ketley Doura"]
[Result "1/2-1/2"]
[WhiteElo "2032"]
[BlackElo "1554"]
[PlyCount "71"]
[EventDate "2016.04.21"]
[EventType "swiss"]
[EventRounds "7"]
[EventCountry "BRA"]
[SourceTitle "CBM 172 Extra"]
[Source "ChessBase"]
[SourceDate "2016.06.21"]
[SourceVersion "1"]
[SourceVersionDate "2016.06.21"]
[SourceQuality "1"]

1. d4 Nf6 2. Nf3 e6 3. Bf4 b6 4. e3 Bb7 5. Nbd2 Be7 6. Bd3 O-O 7. c3 d6 8. h3
Nbd7 9. O-O Nh5 10. Bh2 Nhf6 11. e4 Ne8 12. Qe2 c5 13. Rad1 Rc8 14. Rfe1 cxd4
15. cxd4 Bf6 16. e5 Be7 17. Nc4 Qc7 18. exd6 Bxd6 19. Nxd6 Nxd6 20. Ng5 Nf6 21.
Be5 Qc6 22. f3 Nde8 23. Qe3 h6 24. Ne4 Nxe4 25. fxe4 f6 26. Bf4 Rd8 27. Rd2 g5
28. Bg3 Qa4 29. Bb1 Nd6 30. b3 Qa5 31. h4 Bxe4 32. Bxe4 Nxe4 33. Qxe4 Qxd2 34.
Qg6+ Kh8 35. Qxh6+ Kg8 36. Qg6+ 1/2-1/2